[Event "Let's Play Chess!"]
[Site "http://www.queenalice.com/game.php?id=941490"]
[Date "2011.5.23"]
[Round "-"]
[White "WAGNETTO"]
[Black "fantasmino"]
[Result "1-0"]
[WhiteElo "1504"]
[BlackElo "1474"]

1. e4 e5 2. Nf3 d6 3. Bc4 Nf6 4. Ng5 d5 5. Bxd5 Nxd5 6. exd5 Qxg5 7. Qe2 Bd6 8.
d3 Qxg2 9. Qf1 Qxd5 10. Nc3 Qc6 11. Ne4 Qxc2 12. Qe2 Qc6 13. Rg1 f5 14. Qh5+ g6
15. Rxg6 Be6 16. Rg8+ Kd7 17. Qe8# 1-0

[Event "Challenge"]
[Site "http://www.queenalice.com/game.php?id=941497"]
[Date "2011.5.23"]
[Round "-"]
[White "WAGNETTO"]
[Black "gduarte"]
[Result "1-0"]
[WhiteElo "1485"]
[BlackElo "1553"]

1. e4 e5 2. Nf3 f6 3. Bc4 Ne7 4. d3 h6 5. Nc3 a6 6. Be3 d6 7. d4 b5 8. Bd5 c6 9.
Bb3 Ng6 10. d5 Be7 11. dxc6 Nxc6 12. Nd5 Bf8 13. Bb6 Qd7 14. Nc7+ Ke7 15. Nxa8
Nb4 16. a3 Nc6 17. Qd5 Nf4 18. Qf7# 1-0

[Event "Challenge"]
[Site "http://www.queenalice.com/game.php?id=954283"]
[Date "2011.6.27"]
[Round "-"]
[White "pedroingles"]
[Black "WAGNETTO"]
[Result "1-0"]
[WhiteElo "1764"]
[BlackElo "1570"]

1. d4 d5 2. c4 dxc4 3. Nf3 Nf6 4. Nc3 Bf5 5. Bf4 Nh5 6. Qd2 Nc6 7. e4 Bg6 8. Be3
e6 9. Bxc4 Bb4 10. O-O Bxe4 11. Be2 O-O 12. Ng5 Bg6 13. Rad1 h6 14. Nf3 Bxc3 15.
Qxc3 Nf6 16. Ne5 Ne4 17. Qc1 f6 18. Nxg6 Rf7 19. Bf3 f5 20. Bh5 Rd7 21. Nf4 Nxd4
22. Bxd4 Rxd4 23. Rxd4 Qxd4 24. Nxe6 Qe5 25. Qxc7 Nd6 26. Qc5 Qxe6 27. Qb4 Re8
28. Bxe8 Nxe8 29. Qb3 Qf7 30. Qxf7+ Kxf7 31. Rc1 Nd6 32. f4 g5 33. g3 Ke6 34.
Kg2 b5 35. Rc6 a5 36. b3 Kd5 37. Ra6 Nb7 38. Rxh6 gxf4 39. gxf4 Nd6 40. Kf3 Ne4
41. Ra6 a4 42. bxa4 b4 43. Ra8 Nc3 44. h4 Nxa2 45. h5 b3 46. h6 Kc4 47. h7 b2
48. Rb8 Nb4 49. Rxb4+ Kxb4 50. h8=Q b1=Q 51. Qb8+ 1-0

[Event "Challenge"]
[Site "http://www.queenalice.com/game.php?id=954285"]
[Date "2011.6.27"]
[Round "-"]
[White "WAGNETTO"]
[Black "pedroingles"]
[Result "0-1"]
[WhiteElo "1579"]
[BlackElo "1755"]

1. e4 e5 2. Nf3 Nf6 3. Nxe5 d6 4. Nf3 Nxe4 5. d3 Nf6 6. d4 Be7 7. Bc4 Bg4 8. h3
Bh5 9. g4 Bg6 10. g5 Nfd7 11. Nc3 O-O 12. Qe2 Re8 13. Nh4 Bxg5 14. Be3 Bxh4 15.
Qd2 Bg5 16. O-O-O Nb6 17. Bb5 c6 18. Ba4 Bxe3 19. fxe3 N8d7 20. Bb3 d5 21. Rhe1
Nf6 22. Qg2 Ne4 23. Nxe4 Bxe4 24. Qg3 Re6 25. Rg1 Rg6 26. Qe5 Qf6 27. Qc7 Rxg1
28. Rxg1 Qf2 29. Qg3 Qxg3 30. Rxg3 Re8 31. a4 Nd7 32. c4 Nf6 33. Rg5 h6 34. Re5
Rxe5 35. dxe5 Nd7 36. Bc2 Bxc2 37. Kxc2 Nxe5 38. cxd5 cxd5 39. Kc3 Nc6 40. b4
Kf8 41. b5 Ne7 42. Kd4 f6 43. e4 dxe4 44. Kxe4 Kf7 45. Kd4 g6 46. Kc5 Ke6 47. b6
a6 48. a5 h5 0-1

[Event "Challenge"]
[Site "http://www.queenalice.com/game.php?id=963448"]
[Date "2011.7.22"]
[Round "-"]
[White "WAGNETTO"]
[Black "spin"]
[Result "1-0"]
[WhiteElo "1578"]
[BlackElo "1609"]

1. e4 e5 2. Nf3 f6 3. Bc4 g5 4. d4 Qe7 5. dxe5 Qb4+ 6. Nfd2 fxe5 7. Qh5+ Kd8 8.
Qxg5+ Qe7 9. Nf3 Qxg5 10. Nxg5 Nh6 11. Nc3 Be7 12. O-O Ke8 13. Nf3 Ng4 14. h3
Nf6 15. Nxe5 d6 16. Nd5 Bd8 17. Nxf6+ Bxf6 18. Ng4 Bd4 19. Be3 Bxb2 20. Rad1 Bg7
21. Bd4 Bxd4 22. Rxd4 Nc6 23. Rd5 Be6 24. Rg5 Bxc4 25. Rb1 b6 26. Re1 Bxa2 27.
e5 d5 28. Nf6+ Kf7 29. Rg4 h5 30. Ra4 Nxe5 31. Rxe5 Bc4 32. Nxd5 Bb5 33. Rf4+
Kg6 34. Rf6+ Kg7 35. Re7+ Kg8 36. Nxc7 Rf8 37. Ne6 Rxf6 38. Rg7# 1-0

[Event "Challenge"]
[Site "http://www.queenalice.com/game.php?id=974459"]
[Date "2011.8.19"]
[Round "-"]
[White "WAGNETTO"]
[Black "lincolnvieira2012"]
[Result "0-1"]
[WhiteElo "1576"]
[BlackElo "1581"]

1. e4 e5 2. Nf3 Nc6 3. Bc4 Nf6 4. Ng5 d5 5. Bxd5 Nxd5 6. exd5 Qxg5 7. dxc6 Qxg2
8. Ke2 Bg4+ 9. Ke3 Bxd1 10. Rxd1 Rd8 11. d4 exd4+ 12. Rxd4 Bc5 13. c3 Bxd4+ 14.
cxd4 O-O 15. Nc3 Rfe8+ 16. Kd3 Qf1+ 17. Kc2 Rxd4 18. Be3 Qd3+ 19. Kb3 Qc4+ 20.
Kc2 Rd6 21. Bxa7 Re2+ 22. Kc1 Qd3 23. cxb7 Qc2# 0-1

[Event "Challenge"]
[Site "http://www.queenalice.com/game.php?id=979423"]
[Date "2011.8.31"]
[Round "-"]
[White "WAGNETTO"]
[Black "Quiaseze"]
[Result "1-0"]
[WhiteElo "1607"]
[BlackElo "1539"]

1. e4 Nf6 2. Nc3 c5 3. Nf3 e6 4. Bb5 a6 5. Ba4 Qb6 6. e5 Ng4 7. h3 Qb4 8. a3 Qc4
9. d3 Nxf2 10. Kxf2 Qxc3 11. bxc3 Nc6 12. d4 Na5 13. Ng5 Nc4 14. Qf3 Ra7 15. Bb3
b5 16. a4 Be7 17. Qxf7+ Kd8 18. Qxg7 Rf8+ 19. Nf7+ Ke8 20. Qg4 Rxf7+ 21. Ke2
cxd4 22. Qh5 d6 23. Rf1 Nxe5 24. cxd4 Nc6 25. Rxf7 Nd8 26. Rxh7+ Kd7 27. axb5
Rc7 28. Ba4 Bb7 29. b6+ Rc6 30. Bxc6+ Nxc6 31. Bg5 Nxd4+ 32. Kd3 Nf5 33. g4 Bf3
34. b7 Bxb7 35. gxf5 1-0

[Event "Challenge"]
[Site "http://www.queenalice.com/game.php?id=992273"]
[Date "2011.10.1"]
[Round "-"]
[White "WAGNETTO"]
[Black "spin"]
[Result "1-0"]
[WhiteElo "1645"]
[BlackElo "1605"]

1. e4 e5 2. Nf3 Bc5 3. Nxe5 Qf6 4. Ng4 Qf4 5. d3 Qd6 6. Nc3 Qd4 7. Be3 Qb4 8.
Bxc5 Qxc5 9. d4 Qb4 10. Be2 Qxb2 11. Nd5 Kd8 12. Ne5 Nh6 13. Nc4 Qb5 14. Rb1 Qc6
15. Na5 Qa4 16. Nxb7+ Bxb7 17. Rxb7 Na6 18. Nc3 Qc6 19. Rb3 Re8 20. O-O Qe6 21.
d5 Qf6 22. Nb5 Nc5 23. Re3 Nxe4 24. Bd3 Nc3 25. Qe1 Rxe3 26. Qxe3 Nxd5 27. Qe2
1-0

[Event "Challenge"]
[Site "http://www.queenalice.com/game.php?id=995367"]
[Date "2011.10.9"]
[Round "-"]
[White "WAGNETTO"]
[Black "AuntieRenie"]
[Result "1-0"]
[WhiteElo "1595"]
[BlackElo "1503"]

1. e4 d6 2. Nf3 Nf6 3. Nc3 g6 4. Bc4 Bg7 5. Ng5 b6 6. Nxf7 Rf8 7. Nxd8 Kxd8 8.
d3 Bb7 9. O-O Nfd7 10. Bd5 Bxd5 11. exd5 c5 12. Bg5 Ne5 13. f4 Ned7 14. Qe2 Rf7
15. Nb5 Bxb2 16. Nxd6 Rg7 17. Rae1 Bf6 18. Bxf6 Nxf6 19. Qe6 Nbd7 20. Nb7+ Ke8
21. Qc6 Kf8 22. d6 Re8 23. Rxe7 Rexe7 24. dxe7+ Kxe7 25. Nd6 Ne8 26. Re1+ Kf8
27. Rxe8# 1-0

[Event "Challenge"]
[Site "http://www.queenalice.com/game.php?id=998375"]
[Date "2011.10.17"]
[Round "-"]
[White "WAGNETTO"]
[Black "AuntieRenie"]
[Result "1-0"]
[WhiteElo "1633"]
[BlackElo "1538"]

1. e4 d6 2. Nf3 Nf6 3. Nc3 g6 4. Bc4 Bg7 5. Ng5 e6 6. d4 O-O 7. d5 exd5 8. Nxd5
Be6 9. O-O Nxd5 10. Nxe6 fxe6 11. exd5 e5 12. Qg4 Nd7 13. Bb5 Nb6 14. Bg5 Qc8
15. Qe6+ Qxe6 16. dxe6 Rf5 17. Be3 Nc8 18. Bd3 Rf6 19. Bc4 Kh8 20. Bg5 Rf5 21.
e7 Nxe7 22. Bxe7 Re8 23. Bh4 e4 24. g4 Rc5 25. Bb3 Bxb2 26. Rae1 Rh5 27. gxh5
Bc3 28. a4 Bxe1 29. Bf6# 1-0

[Event "Challenge"]
[Site "http://www.queenalice.com/game.php?id=998407"]
[Date "2011.10.17"]
[Round "-"]
[White "WAGNETTO"]
[Black "AuntieRenie"]
[Result "1-0"]
[WhiteElo "1620"]
[BlackElo "1551"]

1. e4 d6 2. Nf3 Nf6 3. Nc3 g6 4. Bc4 Bg7 5. d3 O-O 6. Bg5 Nbd7 7. d4 c5 8. dxc5
Nxc5 9. Qe2 Nfd7 10. O-O-O Bxc3 11. bxc3 Re8 12. e5 Nxe5 13. Nxe5 e6 14. Bxd8
Rxd8 15. Ng4 a6 16. Qd2 h5 17. Nh6+ Kg7 18. g4 Rh8 19. g5 d5 20. Be2 Ne4 21. Qf4
Rf8 22. Bd3 Re8 23. Qxf7+ Kh8 24. Qxe8+ Kg7 25. Qg8# 1-0

[Event "AUTO-INT-2181"]
[Site "http://www.queenalice.com/game.php?id=1002085"]
[Date "2011.10.27"]
[Round "1"]
[White "josedesouza"]
[Black "WAGNETTO"]
[Result "0-1"]
[WhiteElo "1467"]
[BlackElo "1658"]

1. e4 e5 2. Nf3 Nc6 3. a3 Nf6 4. Nc3 Bc5 5. Bc4 Ng4 6. O-O d6 7. Ng5 Qf6 8. Nh3
Be6 9. Bb5 a6 10. Be2 Qg6 11. Bf3 Bc4 12. d3 Be6 13. Bg5 f6 14. Bd2 Nd4 15. b4
Bb6 16. Na4 f5 17. c3 Bb3 18. Qc1 Nxf3+ 19. Kh1 Ngxh2 20. Rd1 Bxd1 21. Qxd1 Nh4
22. g3 N4f3 23. Be3 Bxe3 24. fxe3 Qxg3 25. Qe2 Qxh3 26. exf5 Nf1+ 0-1

[Event "AUTO-INT-2181"]
[Site "http://www.queenalice.com/game.php?id=1002101"]
[Date "2011.10.27"]
[Round "1"]
[White "salvachess"]
[Black "WAGNETTO"]
[Result "0-1"]
[WhiteElo "1518"]
[BlackElo "1639"]

1. e4 e5 2. Nc3 Nf6 3. Nf3 Nc6 4. Bc4 Bc5 5. O-O d5 6. exd5 Nd4 7. Nxd4 exd4 8.
Re1+ Be7 9. Ne4 Nxe4 10. Rxe4 c5 11. d3 Bf5 12. Re5 Qd7 13. Bg5 f6 14. Bxf6 gxf6
15. Rxf5 Qxf5 16. Qe1 b6 17. d6 Qe5 18. Bb5+ Kd8 19. dxe7+ Qxe7 20. g3 a6 21.
Bc6 Ra7 22. a4 Qc7 23. Qe6 Qe7 24. Qxf6 Qxf6 25. Re1 Qxc6 26. c4 Re8 27. Rf1
Rae7 28. Rd1 Re1+ 0-1

[Event "AUTO-INT-2181"]
[Site "http://www.queenalice.com/game.php?id=1002112"]
[Date "2011.10.27"]
[Round "1"]
[White "WAGNETTO"]
[Black "mudinho"]
[Result "1/2-1/2"]
[WhiteElo "1667"]
[BlackElo "1452"]

1. e4 e5 2. Nf3 Nc6 3. Nc3 Nf6 4. Bc4 h6 5. d4 exd4 6. Nxd4 Nxd4 7. Qxd4 d6 8.
e5 dxe5 9. Qxe5+ Qe7 10. Qe3 Qxe3+ 11. Bxe3 Bb4 12. Bd4 Be7 13. Nd5 Nxd5 14.
Bxd5 O-O 15. O-O Re8 16. Rae1 c6 17. Bc5 Kf8 18. Bxe7+ Rxe7 19. Bc4 Rxe1 20.
Rxe1 Bf5 21. c3 b5 22. Re5 bxc4 23. Rxf5 Re8 24. h4 Re2 25. Rc5 Rxb2 26. a4 Ra2
27. Rxc4 f6 28. Rg4 Kf7 29. Rb4 Rc2 30. c4 c5 31. Rb7+ Kg6 32. Rxa7 Rxc4 33. g3
Rc1+ 34. Kg2 c4 35. Kf3 c3 36. Ke2 Ra1 37. Kd3 Ra3 38. a5 1/2-1/2